[Event "San Jose Dual Schev"]
[Site "San Jose"]
[Date "2024.08.04"]
[Round "5.1"]
[White "Delgado Ramirez, Neuris"]
[Black "Tang, Dylan"]
[Result "1-0"]
[WhiteElo "2485"]
[BlackElo "2092"]
[PlyCount "53"]
[EventDate "2024.08.02"]
[EventType "schev"]
[EventRounds "5"]
[EventCountry "USA"]
[SourceTitle "CBM 221 Extra"]
[Source "ChessBase"]
[SourceDate "2024.09.30"]
[SourceVersion "1"]
[SourceVersionDate "2024.09.30"]
[SourceQuality "1"]

1. e4 e5 2. Nf3 Nc6 3. Bc4 Bc5 4. d3 Nf6 5. 0-0 0-0 6. c3 d6 7. Nbd2 a5 8. Bb5 Be6 9. h3 h6 10. Re1 Qb8 11. Nf1 Qa7 12. Re2 a4 13. Ng3 Bb6 14. Bxc6 bxc6 15. d4 exd4 16. Nxd4 Bd7 17. Qd3 Rfe8 18. Ndf5 Re6 19. Qf3 Rae8 20. Bxh6 gxh6 21. Nxh6+ Kh7 22. Qf4 Bxf2+ 23. Rxf2 Nxe4 24. Nxe4 Rxe4 25. Qxf7+ Kxh6 26. Kh2 R8e6 27. Raf1 1-0

[Event "Las Vegas 1000 GM June IM-B"]
[Site "Las Vegas"]
[Date "2024.06.12"]
[Round "5"]
[White "Tang, Dylan"]
[Black "Zuluaga Mancilla, Cesar"]
[Result "1-0"]
[WhiteElo "2165"]
[BlackElo "2201"]
[PlyCount "106"]
[EventDate "2024.06.10"]
[EventType "tourn"]
[EventRounds "9"]
[EventCountry "USA"]
[EventCategory "2"]
[SourceTitle "CBM 220 Extra"]
[Source "ChessBase"]
[SourceDate "2024.07.31"]
[SourceVersion "1"]
[SourceVersionDate "2024.07.31"]
[SourceQuality "1"]

1. e4 c5 2. Nf3 e6 3. d4 cxd4 4. Nxd4 Nf6 5. Nc3 d6 6. Be3 a6 7. a4 Bd7 8. g4 h6 9. Rg1 Nc6 10. Be2 Be7 11. Qd2 Rc8 12. h4 Nxd4 13. Qxd4 e5 14. Qd3 Be6 15. g5 hxg5 16. hxg5 Nh5 17. Nd5 g6 18. 0-0-0 Bxd5 19. Qxd5 Qc7 20. Qb3 Nf4 21. Bg4 Rb8 22. Rh1 Rxh1 23. Rxh1 Bxg5 24. Kb1 Bf6 25. Rh7 Qe7 26. Bxf4 exf4 27. Be2 Kf8 28. Bxa6 Bg7 29. Bc4 b5 30. f3 Qa7 31. Bxb5 Qg1+ 32. Ka2 Kg8 33. Rh4 Qc1 34. Rg4 Kf8 35. Qb4 Be5 36. Rg5 Kg8 37. c4 Qe3 38. Qb3 Qc5 39. a5 Ra8 40. a6 Kg7 41. Rg2 Rh8 42. Rd2 Rh1 43. Qa3 Qg1 44. a7 Qb1+ 45. Kb3 Rf1 46. Ka4 Qc1 47. a8Q Qxd2 48. Qd5 Qc2+ 49. Ka5 Bxb2 50. Qdd3 Qc1 51. Qaxd6 Qa1+ 52. Kb6 Bc3 53. e5 Qa5+ 1-0